Capitals- sudden death - Statistics

General Stats
  • This quiz has been taken 100 times
    70 since last reset
  • The average score is 23 of 29
Answers on the Grid
Answers color-coded by a green-red scale on the quiz's grid according to % correct below.
Abuja
New York
Berlin
London
Buenos Aires
Lagos
Bogota
Dili
Darwin
Gaborone
Luxor
Madrid
Plovdiv
Vatican City
Florence
Kinshasa
Dakar
Bangkok
Phuket
Beijing
Osaka
Warsaw
Munich
Malmo
Stockholm
Akranes
Bern
Brasilia
Vienna
Brno
Shanghai
Maseru
Sydney
Wellington
Nukualofa
Dublin
Znojmo
Lviv
Glasgow
Reykjavik
Timbuktu
Washington DC
Ottawa
Guadalajara
Belize City
Oslo
Helsinki
Kyiv
Katowice
Dubai
Dodoma
 
Answer Stats
Answer % Correct
Berlin
98%
Buenos Aires
98%
London
98%
Madrid
96%
Beijing
91%
Warsaw
91%
Bangkok
89%
Brasilia
89%
Bern
87%
Vatican City
87%
Vienna
87%
Stockholm
85%
Bogota
83%
Dakar
83%
Dublin
83%
Reykjavik
81%
Ottawa
79%
Kinshasa
77%
Abuja
74%
Washington DC
74%
Wellington
72%
Helsinki
68%
Kyiv
68%
Oslo
68%
Dili
64%
Gaborone
53%
Nukualofa
45%
Maseru
43%
Dodoma
38%
No matching quizzes found
Score Distribution
Percent of People with Each Score
Percentile by Number Answered
Your Score History
You have not taken this quiz since the last reset